000 00573nam a2200217 a 4500
999 _c4660
_d4660
001 4660
003 BD-JhCC
005 20171212112827.0
008 171129s1936 uk |||| ||a| 001 0 eng d
035 _a(BD-JhCC)4660
040 _aBD-JhCC
_dBD-JhCC
041 _aeng
082 _a916.4
_bLAT 1936
100 _aLatham, G. C.
245 _aDavid Livingstone in East Africa /
_cG. C. Latham and M. G. Faucett
260 _aLondon:
_bOxford University Press;
_c1936
300 _a93 p. :
_c16 cm.
650 _aSouth Africa
700 _aFaucett, M. G.
942 _2ddc
_cBK